Language Quiz

Random Language or French Quiz

Regular French -er verb conjugation Quiz Stats

 Plays Quiz not verified by Sporcle

Support Sporcle.
Go Orange.
Score 0/50 Timer 05:00
0 Plays Today
infinitive % Correct
????
100%
????
95.8%
????
94.7%
????
94%
????
87.8%
????
85.1%
????
81.8%
????
80.1%
????
79.1%
????
78.7%
????
77.7%
????
76.2%
????
75%
????
73.4%
????
72.2%
????
71.1%
????
68.7%
????
68.1%
????
67.5%
????
66.4%
????
65.3%
????
64%
????
63.3%
????
62.2%
????
61.4%
infinitive % Correct
????
60.3%
????
59.6%
????
58.2%
????
57.3%
????
56.2%
????
55.1%
????
54.2%
????
53.4%
????
52.1%
????
50.9%
????
50.3%
????
49.1%
????
48.3%
????
47.4%
????
46.7%
????
45.2%
????
44.3%
????
43.4%
????
42.4%
????
41.7%
????
40.6%
????
39.8%
????
38.6%
????
37.6%
????
36.7%

You're not logged in!

Compare scores with friends on all Sporcle quizzes.
OR
Log In

From the Vault

Remove Ads.
Support Sporcle.
Get the best of Sporcle when you Go Orange. This ad-free experience offers more features, more stats, and more fun while also helping to support Sporcle. Thank you for becoming a member.

Show Comments

Extras

Top Quizzes Today


Score Distribution

Your Account Isn't Verified!

In order to create a playlist on Sporcle, you need to verify the email address you used during registration. Go to your Sporcle Settings to finish the process.

Report this User

Report this user for behavior that violates our Community Guidelines.

Details: